| 000 | 00726cab a2200241 4500 | ||
|---|---|---|---|
| 001 | ABS60248 | ||
| 008 | 090401t1999 xxu||||| |||| 00| 0 eng d | ||
| 035 | _a(Sirsi) u91425 | ||
| 041 | _aeng | ||
| 100 | _aBerlyne, D. | ||
| 245 | _aGoing concerns and VAT | ||
| 260 | _c1999 | ||
| 350 | _a0 | ||
| 490 |
_aEstates Gazette _v(9906) 13 February 1999, 175(1) |
||
| 520 | _aThe transfer of property as a going concern benefits from VAT exemption. Explains how such deals work in sales of tenanted properties. (Taken from Journal abstract.) | ||
| 650 | _aINVESTMENT PROPERTY | ||
| 650 | _aTENANTED PROPERTIES | ||
| 650 | _aTOGC | ||
| 650 | _aVAT EXEMPTION | ||
| 690 | _aTAXATION | ||
| 942 | _n0 | ||
| 948 | _c18/02/1999 | ||
| 999 |
_c58039 _d58039 |
||